Educación sexual integral con perspectiva de género : (Record no. 22223)

MARC details
000 -LEADER
campo de control de longitud fija 02981nam a2200445 a 4500
001 - NÚMERO DE CONTROL
campo de control 001569762
003 - IDENTIFICADOR DE NÚMERO DE CONTROL
campo de control AR-BaBN
005 - FECHA Y HORA DE LA ÚLTIMA TRANSACCIÓN
campo de control 20260508164526.0
007 - CAMPO FIJO DE DESCRIPCIÓN FÍSICA--INFORMACIÓN GENERAL
campo de control de longitud fija ta
008 - DATOS DE LONGITUD FIJA--INFORMACIÓN GENERAL
campo de control de longitud fija 220823s2016 ag gr 001 0 spa
020 ## - NÚMERO INTERNACIONAL ESTÁNDAR DEL LIBRO
Número Internacional Estándar del Libro 978-950-808-900-7
040 ## - FUENTE DE CATALOGACIÓN
Centro catalogador/agencia de origen AR-BaBN
Lengua de catalogación spa
Centro/agencia transcriptor AR-BaBN
Normas de descripción aacr
080 1# - NÚMERO DE LA CLASIFICACIÓN DECIMAL UNIVERSAL
Número de la Clasificación Decimal Universal 305:37.02
Identificador de la edición 2016
245 00 - MENCIÓN DEL TÍTULO
Título Educación sexual integral con perspectiva de género :
Resto del título la lupa de la ESI en el aula /
Mención de responsabilidad, etc. Graciela Morgade (coord) ; colaboración de Jesica Baez ... [et al.].
260 ## - PUBLICACIÓN, DISTRIBUCIÓN, ETC.
Lugar de publicación, distribución, etc. Rosario :
Nombre del editor, distribuidor, etc. Homo Sapiens,
Fecha de publicación, distribución, etc. 2016.
300 ## - DESCRIPCIÓN FÍSICA
Extensión 134 p. ;
Dimensiones 23 cm.
490 1# - MENCIÓN DE SERIE
Mención de serie Colección La Lupa de la ESI
504 ## - NOTA DE BIBLIOGRAFÍA, ETC.
Nota de bibliografía, etc. Nota Incluye notas y referencias bibliográficas a pie de página.
504 ## - NOTA DE BIBLIOGRAFÍA, ETC.
Nota de bibliografía, etc. Nota Bibliografía: p. 131-134.
520 3# - RESUMEN, ETC.
Sumario, etc. La Educación Sexual Integral (ESI) es uno de los proyectos pedagógicos de mayor vigencia y vitalidad de las últimas décadas. Su vigencia se vincula con el sentido que propone para el trabajo en relación con los cuerpos y las sexualidades: promover la formación de sujetos más autónomos y más felices a partir de la perspectiva de género y de derechos humanos. Su vitalidad se apoya en una clave: la articulación entre la militancia de los movimientos sociosexuales, la producción de la academia comprometida y la decisión desde el estado de darle un lugar significativo en las políticas educativas. En 2016 enfrentamos el desafío de profundizar este proyecto en cada aula y en cada escuela. La colección “La lupa de la ESI” presenta aportes para las diferentes “materias” que forman el currículum escolar clásico, intentando desplegar un análisis de cómo se modifican los conocimientos de referencia de cada disciplina y también las formas de la enseñanza con la mirada de la ESI. Desde la investigación pedagógica en clases reales y con profesoras en ejercicio intentamos colaborar en la construcción de la “transversalidad” proclamada con frecuencia pero también frecuentemente ausente en las escuela.
Fuente proveedora (Descripción del editor).
650 #4 - PUNTO DE ACCESO ADICIONAL DE MATERIA--TÉRMINO DE MATERIA
Término de materia o nombre geográfico como elemento de entrada Educación sexual integral
650 #4 - PUNTO DE ACCESO ADICIONAL DE MATERIA--TÉRMINO DE MATERIA
Término de materia o nombre geográfico como elemento de entrada Perspectiva de género
650 #4 - PUNTO DE ACCESO ADICIONAL DE MATERIA--TÉRMINO DE MATERIA
Término de materia o nombre geográfico como elemento de entrada Rol sexual
650 #4 - PUNTO DE ACCESO ADICIONAL DE MATERIA--TÉRMINO DE MATERIA
Término de materia o nombre geográfico como elemento de entrada Identidad de género
650 #4 - PUNTO DE ACCESO ADICIONAL DE MATERIA--TÉRMINO DE MATERIA
Término de materia o nombre geográfico como elemento de entrada Igualdad de género
700 1# - ENTRADA AGREGADA--NOMBRE PERSONAL
Nombre de persona Baez, Jesica
Término indicativo de función/relación contribuidora
700 1# - ENTRADA AGREGADA--NOMBRE PERSONAL
Nombre de persona Busca, Marta
Término indicativo de función/relación contribuidora
700 1# - ENTRADA AGREGADA--NOMBRE PERSONAL
Nombre de persona Fainsod, Paula
Término indicativo de función/relación contribuidora
700 1# - ENTRADA AGREGADA--NOMBRE PERSONAL
Nombre de persona Gonzalez del Cerro, Catalina
Término indicativo de función/relación contribuidora
700 1# - ENTRADA AGREGADA--NOMBRE PERSONAL
Nombre de persona Malizia, Andres
Término indicativo de función/relación contribuidor
700 1# - ENTRADA AGREGADA--NOMBRE PERSONAL
Nombre de persona Morgade, Graciela
Término indicativo de función/relación editora literaria
700 1# - ENTRADA AGREGADA--NOMBRE PERSONAL
Nombre de persona Ortmann, Cecilia
Término indicativo de función/relación contribuidora
700 1# - ENTRADA AGREGADA--NOMBRE PERSONAL
Nombre de persona Raele, Graciela
Término indicativo de función/relación contribuidora
700 1# - ENTRADA AGREGADA--NOMBRE PERSONAL
Nombre de persona Díaz Villa, Gabi
Término indicativo de función/relación contribuidor
700 1# - ENTRADA AGREGADA--NOMBRE PERSONAL
Nombre de persona Zattara, Susana
Término indicativo de función/relación contribuidora
700 1# - ENTRADA AGREGADA--NOMBRE PERSONAL
Nombre de persona Melo, Mónica
Término indicativo de función/relación contribuidora
830 #0 - PUNTO DE ACCESO ADICIONAL DE SERIE-TÍTULO UNIFORME
Título uniforme La Lupa de la ESI (Homo Sapiens)
942 ## - ELEMENTOS DE ENTRADA SECUNDARIOS (KOHA)
Fuente del sistema de clasificación o colocación
Tipo de ítem Koha Libros
Suprimir en OPAC
998 ## - INFORMACIÓN DE CONTROL LOCAL (RLIN)
Catalogador responsable César Muñoz
Holdings
Estatus retirado Estado de pérdida Fuente del sistema de clasificación o colocación Estado de daño No para préstamo Colección Biblioteca de origen Biblioteca actual Ubicación en estantería Fecha de adquisición Total de préstamos Signatura topográfica completa Código de barras Visto por última vez Precio de reemplazo Tipo de ítem Koha
Retirado   Clasificación decimal universal     No ficción Liberty Liberty Colección general 08/05/2026   37 20465 08/05/2026 08/05/2026 Libros